000 00539nai a2200169Ia 4500
003 IN-BaIIA
008 211028c9999 xx s 000 0 eng d
022 _a0165-2125 (Online)
040 _cIIA Library
245 0 _aWave Motion
_h[eJournal]
260 _aNew York
_bElsevier
310 _aSemi-Quarterly
362 _a21(1); 1995 - Present
521 _bSubscribed through National Knowledge Resource Consortium (NKRC)
856 _uhttps://www.sciencedirect.com/science/journal/01652125
_yClick Here to Access eJournal
942 _cEJ
999 _c35859
_d35859